Wuest's word studies; vol. 5. (Record no. 1705)

000 -LEADER
fixed length control field 00575nam a2200181 a 4500
001 - CONTROL NUMBER
control field :::00017929$&:&@@
003 - CONTROL NUMBER IDENTIFIER
control field OkBaRHE
005 - DATE AND TIME OF LATEST TRANSACTION
control field 20100327121203.0
008 - FIXED-LENGTH DATA ELEMENTS--GENERAL INFORMATION
fixed length control field s1940 j 000 0 eng u
040 ## - CATALOGING SOURCE
Transcribing agency
100 1# - MAIN ENTRY--PERSONAL NAME
Personal name Wuest, Kenneth S.
245 10 - TITLE STATEMENT
Title Wuest's word studies; vol. 5.
260 ## - PUBLICATION, DISTRIBUTION, ETC. (IMPRINT)
Place of publication, distribution, etc Grand Rapids, MI., :
Name of publisher, distributor, etc Eerdmans Publishing House
Date of publication, distribution, etc 1940
300 ## - PHYSICAL DESCRIPTION
Extent v. (1-12) ;
Dimensions 20 cm.
650 ## - SUBJECT ADDED ENTRY--TOPICAL TERM
Topical term or geographic name as entry element Bible New Testament
General subdivision Word Studies
942 ## - ADDED ENTRY ELEMENTS (KOHA)
Source of classification or shelving scheme
Koha item type Books
Copies
Full call number Barcode Source of classification or shelving scheme Damaged status Price effective from Permanent Location Copy number Koha item type Collection code Shelving location Date acquired Lost status Date last seen Withdrawn status Not for loan
BS 2333.2 .W817929  2010-04-14RHEMA Bible Training College1BooksReferenceGeneral Stacks2010-04-14 2018-03-16